Zdanění nemovitostí v Evropě

Salvato in:
Dettagli Bibliografici
Autore principale: Radvan, Michal
Natura: Libro
Lingua:ceco
Pubblicazione: Praha LexisNexis CZ 2005
Serie:Knihovnička Orac
Soggetti:
Tags: Aggiungi Tag
Nessun Tag, puoi essere il primo ad aggiungerne!!

MARC

LEADER 00000nam$a2200000$$$4500
001 0041230
005 20240306141752.8
020 |a 80-86920-00-3 
041 0 |a cze 
044 |a CZ 
245 1 0 |a Zdanění nemovitostí v Evropě  |c Michal Radvan 
264 1 |a Praha  |b LexisNexis CZ  |c 2005 
300 |a 102 s. 
490 1 |a Knihovnička Orac 
830 0 |a Knihovnička Orac 
610 2 0 |a zdaňovanie 
610 2 0 |a nehnuteľnosti 
610 2 0 |a dane z nehnuteľností 
610 2 0 |a dane majetkové 
610 2 0 |a dane z pozemkov 
610 2 0 |a dane zo stavieb 
610 2 0 |a dane z bytov 
610 2 0 |a správa daňová 
610 2 0 |a Európa 
610 2 0 |a Európska únia 
610 2 0 |a Česko 
100 1 |a Radvan, Michal